Lý trong dân ca người Việt
Nội dung sách bao gồm 2 phần: Phần 1 sách giới thiệu cho người đọc hiểu thêm về nguồn gốc ra đời cũng như cách đặc tên của các điệu "Lý". Phần 2 sách giới thiệu về một số Làn điệu Lý như: Lý cây đa, Lý cây quéo, Lý cây ổi v...
में बचाया:
| मुख्य लेखक: | |
|---|---|
| स्वरूप: | पुस्तक |
| भाषा: | Undetermined |
| प्रकाशित: |
Thành phố Hồ Chí Minh
Trẻ
2006
|
| विषय: | |
| टैग : |
टैग जोड़ें
कोई टैग नहीं, इस रिकॉर्ड को टैग करने वाले पहले व्यक्ति बनें!
|
| Thư viện lưu trữ: | Trung tâm Học liệu Trường Đại học Cần Thơ |
|---|
| LEADER | 00949nam a2200205Ia 4500 | ||
|---|---|---|---|
| 001 | CTU_112456 | ||
| 008 | 210402s9999 xx 000 0 und d | ||
| 020 | |c 155000 | ||
| 082 | |a 782.42162 | ||
| 082 | |b V500 | ||
| 100 | |a Lư, Nhất Vũ | ||
| 245 | 0 | |a Lý trong dân ca người Việt | |
| 245 | 0 | |c Lư Nhất Vũ, Lê Giang, Lê Anh Trung | |
| 260 | |a Thành phố Hồ Chí Minh | ||
| 260 | |b Trẻ | ||
| 260 | |c 2006 | ||
| 520 | |a Nội dung sách bao gồm 2 phần: Phần 1 sách giới thiệu cho người đọc hiểu thêm về nguồn gốc ra đời cũng như cách đặc tên của các điệu "Lý". Phần 2 sách giới thiệu về một số Làn điệu Lý như: Lý cây đa, Lý cây quéo, Lý cây ổi v.v... | ||
| 650 | |a Folk songs, Vietnamese | ||
| 904 | |i Minh | ||
| 980 | |a Trung tâm Học liệu Trường Đại học Cần Thơ | ||